|
|
|
|
| LEADER |
00000nab a2200000 a 4500 |
| 001 |
vtls000483972 |
| 003 |
SK-MaSNL |
| 005 |
20260426062750.0 |
| 008 |
160201c1993 xo 0 slo |
| 015 |
|
|
|a SNBRB19rr/mm-uuuuu
|
| 035 |
|
|
|a CL0484107
|
| 040 |
|
|
|a SNKBUCL
|b slo
|c SNKBUCL
|e AACR2
|
| 041 |
0 |
|
|a slo
|
| 044 |
|
|
|a xo
|c SK
|
| 080 |
|
|
|a 791.43.091.4(437.1/.2)
|2 1981
|
| 100 |
1 |
|
|a Langerová, Viera,
|d 1961-
|4 aut
|9 106744
|
| 245 |
1 |
0 |
|a Nostalgia na druhú
|b k prehliadke českých filmov 1992-1993
|c Viera Langerová
|
| 300 |
|
|
|b Fotogr. 1
|
| 648 |
|
7 |
|a 1992-1993
|2 snkbucl
|9 276521
|
| 650 |
0 |
7 |
|a český film
|2 snkbucl
|9 631200
|
| 651 |
|
7 |
|a Bratislava (Slovensko)
|2 snkbucl
|9 14568
|
| 655 |
|
7 |
|a články z novín a časopisov
|2 snkbucl
|9 267496
|
| 773 |
0 |
|
|t Národná obroda
|g Roč. 4, č. 123 (29. 5. 1993), s. 7
|
| 850 |
|
|
|a Slovenská národná knižnica v Martine
|a MTA001
|
| 852 |
|
|
|a SNK
|b KIS3GCP
|
| 958 |
|
|
|a RK
|
| 958 |
|
|
|a CZ
|
| 992 |
|
|
|a RBX
|
| 999 |
|
|
|c 2549221
|d 2551151
|